| 000 | 00447pam a2200181 a 4500 | ||
|---|---|---|---|
| 020 |
_a8186793437 _c300.00 |
||
| 041 |
_aeng _hNULL |
||
| 082 |
_a616 _bDAS |
||
| 100 | _aDAS, P . | ||
| 245 |
_aTEXT BOOK OF MEDICINE / _cNULL. _hTextual Documents |
||
| 260 |
_aNULL : _bCURRENT BOOKS , _c2002. |
||
| 300 |
_a688 : _bXV ; _cA4 . |
||
| 365 |
_a300.00 _e1 |
||
| 907 | _a0972 | ||
| 930 | _a189 | ||
| 999 |
_c794725 _d794725 |
||
| 650 | _aGEN.MEDICINE | ||